[Event "GER-chT U14"]
[Site "Arendsee"]
[Date "2009.12.29"]
[Round "5.2"]
[White "Gomer, Dieter"]
[Black "Lorenz, Erik"]
[Result "0-1"]
[WhiteElo "1249"]
[BlackElo "1576"]
[PlyCount "76"]
[EventDate "2009.12.27"]
[EventType "team-swiss"]
[EventRounds "7"]
[EventCountry "GER"]
[SourceTitle "EXT 2022"]
[Source "ChessBase"]
[SourceDate "2021.10.06"]
[SourceVersion "1"]
[SourceVersionDate "2021.10.06"]
[SourceQuality "1"]
[WhiteTeam "Balingen U14"]
[BlackTeam "Erfurt Empor U14"]
[WhiteTeamCountry "GER"]
[BlackTeamCountry "GER"]

1. d4 d5 2. c4 e6 3. Nc3 Nf6 4. Nf3 Nbd7 5. Bf4 Be7 6. Nb5 Bb4+ 7. Bd2 Bxd2+ 8. Qxd2 a6 9. Nc3 dxc4 10. e4 0-0 11. Bxc4 b5 12. Bd3 c5 13. e5 cxd4 14. Ne4 Nxe4 15. Bxe4 Rb8 16. Qxd4 Bb7 17. Bxb7 Rxb7 18. h4 Nb6 19. Qe4 Qd5 20. Qg4 Nc4 21. Qg3 Qe4+ 22. Kf1 Rd8 23. Kg1 Nxb2 24. h5 Rbd7 25. Re1 Rd1 26. Kh2 Rxe1 27. Rxe1 Qf5 28. Qh4 Rd7 29. Re4 h6 30. Rf4 Qb1 31. g4 Qf1 32. g5 Rd1 33. Kg3 Nd3 34. Rd4 Qxf2+ 35. Kg4 Nxe5+ 36. Kf4 Rxd4+ 37. Kxe5 Rxh4 38. Nxh4 Qxh4 0-1

[Event "GER-chT U14"]
[Site "Arendsee"]
[Date "2009.12.29"]
[Round "6.2"]
[White "Lorenz, Erik"]
[Black "Diyap, Murat"]
[Result "0-1"]
[WhiteElo "1576"]
[BlackElo "1678"]
[PlyCount "64"]
[EventDate "2009.12.27"]
[EventType "team-swiss"]
[EventRounds "7"]
[EventCountry "GER"]
[SourceTitle "EXT 2022"]
[Source "ChessBase"]
[SourceDate "2021.10.06"]
[SourceVersion "1"]
[SourceVersionDate "2021.10.06"]
[SourceQuality "1"]
[WhiteTeam "Erfurt Empor U14"]
[BlackTeam "Frankfurt TV U14"]
[WhiteTeamCountry "GER"]
[BlackTeamCountry "GER"]

1. e4 c5 2. Nf3 Nc6 3. d4 cxd4 4. Nxd4 Nf6 5. Nc3 e5 6. Ndb5 d6 7. Bg5 a6 8. Na3 b5 9. Nd5 Be7 10. Bxf6 Bxf6 11. c3 Bg5 12. Nc2 0-0 13. a4 Rb8 14. axb5 axb5 15. h4 Bh6 16. g4 Bf4 17. Nce3 b4 18. Bc4 bxc3 19. bxc3 Bb7 20. Nxf4 exf4 21. Nd5 Ne5 22. Ba2 Bxd5 23. Bxd5 Rb2 24. g5 Qb6 25. 0-0 Qc7 26. Ra3 Qd7 27. c4 Rfb8 28. Kh2 Ng4+ 29. Kg1 Ne3 30. fxe3 Qh3 31. Bxf7+ Kf8 32. Rf2 Qg3+ 0-1

[Event "GER-chT U14"]
[Site "Arendsee"]
[Date "2009.12.27"]
[Round "2.2"]
[White "Lorenz, Erik"]
[Black "Schrell, Konrad"]
[Result "1/2-1/2"]
[WhiteElo "1576"]
[BlackElo "1539"]
[PlyCount "61"]
[EventDate "2009.12.27"]
[EventType "team-swiss"]
[EventRounds "7"]
[EventCountry "GER"]
[SourceTitle "EXT 2022"]
[Source "ChessBase"]
[SourceDate "2021.10.06"]
[SourceVersion "1"]
[SourceVersionDate "2021.10.06"]
[SourceQuality "1"]
[WhiteTeam "Erfurt Empor U14"]
[BlackTeam "Dresden Gruen Weiss U14"]
[WhiteTeamCountry "GER"]
[BlackTeamCountry "GER"]

1. e4 c5 2. Nf3 e6 3. c4 Qc7 4. Nc3 a6 5. Bd3 Nc6 6. 0-0 Nf6 7. Re1 d6 8. Bc2 Be7 9. d4 cxd4 10. Nxd4 0-0 11. b3 b6 12. Kh1 Bb7 13. f4 Rac8 14. f5 e5 15. Nxc6 Bxc6 16. Bd3 Qb7 17. a4 Nd7 18. Nd5 Bxd5 19. exd5 a5 20. Qg4 Bf6 21. h4 Nc5 22. Bc2 Qe7 23. h5 Kh8 24. Re2 h6 25. Bd2 Rg8 26. Rae1 Na6 27. Be3 Nc5 28. Bd2 Bg5 29. Bc3 f6 30. g3 Na6 31. Kg2 1/2-1/2

[Event "GER-chT U12"]
[Site "Verden an der Aller"]
[Date "2007.12.28"]
[Round "4.3"]
[White "Lorenz, Erik"]
[Black "Eigemann, Julian"]
[Result "0-1"]
[WhiteElo "1314"]
[BlackElo "1508"]
[PlyCount "38"]
[EventDate "2007.12.27"]
[EventType "team-swiss"]
[EventRounds "7"]
[EventCountry "GER"]
[SourceTitle "EXT 2009"]
[Source "ChessBase"]
[SourceDate "2008.11.26"]
[SourceVersion "1"]
[SourceVersionDate "2008.11.26"]
[SourceQuality "1"]
[WhiteTeam "Erfurt Empor U12"]
[BlackTeam "Koeln Muelheim U12"]
[WhiteTeamCountry "GER"]
[BlackTeamCountry "GER"]

1. e4 d5 2. exd5 Qxd5 3. Nc3 Qa5 4. d4 c6 5. Bc4 Nf6 6. Nge2 Bf5 7. Bd2 Qc7 8. Ng3 Bg6 9. 0-0 e6 10. Re1 Nbd7 11. a3 Bd6 12. Rc1 h5 13. Qf3 0-0-0 14. b4 h4 15. Nf1 Bh5 16. Qd3 Ng4 17. h3 Bh2+ 18. Nxh2 Qxh2+ 19. Kf1 Nge5 0-1

[Event "GER-chT U12"]
[Site "Verden an der Aller"]
[Date "2007.12.28"]
[Round "3.3"]
[White "Riasanow, Nikita"]
[Black "Lorenz, Erik"]
[Result "0-1"]
[WhiteElo "1252"]
[BlackElo "1314"]
[PlyCount "94"]
[EventDate "2007.12.27"]
[EventType "team-swiss"]
[EventRounds "7"]
[EventCountry "GER"]
[SourceTitle "EXT 2009"]
[Source "ChessBase"]
[SourceDate "2008.11.26"]
[SourceVersion "1"]
[SourceVersionDate "2008.11.26"]
[SourceQuality "1"]
[WhiteTeam "Stuttgart Wolfbusch U12"]
[BlackTeam "Erfurt Empor U12"]
[WhiteTeamCountry "GER"]
[BlackTeamCountry "GER"]

1. e4 c5 2. Nc3 Nc6 3. g3 g6 4. Bg2 Bg7 5. f4 d6 6. Nf3 Nh6 7. 0-0 f5 8. d3 e6 9. Ne2 0-0 10. Ng5 b5 11. c3 a5 12. exf5 Qc7 13. fxe6 Re8 14. Qb3 b4 15. e7+ Kh8 16. Bd2 Rxe7 17. Rfe1 Bg4 18. Nf3 Rae8 19. Qd1 Qd7 20. Rc1 Nf5 21. h3 Bxf3 22. Bxf3 Ne3 23. Bxe3 Rxe3 24. Kg2 d5 25. Bg4 Qe7 26. Rc2 h5 27. Bf3 Qd6 28. Rf1 d4 29. c4 Nb8 30. Be4 Nd7 31. Rf3 Kh7 32. Qg1 Rxf3 33. Bxf3 Nf6 34. Qf2 Re3 35. Rd2 Qe6 36. b3 Bf8 37. Ng1 Bd6 38. h4 Kg7 39. Nh3 Be7 40. Ng5 Qf5 41. Ne4 Nxe4 42. dxe4 Qe6 43. Bd1 Bd8 44. Bc2 Qg4 45. f5 Bxh4 46. fxg6 Rxg3+ 47. Kf1 Rf3 0-1